000 00628nam a2200241Ia 4500
003 OSt
005 20220918213717.0
006 a|||||r|||| 00| 0
007 ta
008 220917b |||||||| |||| 00| 0 eng d
024 _a133,887
037 _cTextual
040 _aARTS
_cARTS
_beng
041 _2eng
_aeng
082 _aX:87, L21
100 _aKellogg Marion S
_9128053
245 0 _aCareer management
260 _aNew York
_bAmerican Management Association
_c1972
300 _avi,200p.
_ccm.
650 _aECONOMICS
942 _hX:87, L21
_cTEXL
_2CC
999 _c256994
_d256994